• 首页
  • 本馆介绍
  • 公告通知
  • 最新文献
  • 馆藏检索
  • 电子资源
  • 读者导购
  • 参考咨询
  • 我的图书馆
  • 登录
  • 详细信息显示
  • 放入我的书架
  • 预约/预借图书
  • 作者相关作品
  • 分类相关作品
  • 丛书相关作品
  • 出版社相关作品

书目信息

  • 表格格式
  • 工作单格式
  • 卡片格式
题名:
语文教育散论
    
 
作者: 李真微 著
分册:  
出版信息: 北京   团结出版社  2020.6
页数: 342页
开本: 21cm
丛书名:
单 册:
中图分类: G633.302
科图分类:
主题词: 中学语文课--教学研究--高中--文集
电子资源:
ISBN: 978-7-5126-7873-6
000 00846nam0 2200229 45
001 012001000116
005 20140817135453.0
010    @a978-7-5126-7873-6@dCNY46.00
100    @a20201111d2020 em y0chiy0110 ea
101 0  @achi
102    @aCN@b110000
105    @ay z 000yy
106    @ar
200 1  @a语文教育散论@Ayu wen jiao yu san lun@f李真微著
210    @a北京@c团结出版社@d2020.6
215    @a342页@d21cm
330    @a本书收录《浅论培养学生整体阅读的能力》《过程大于结论》《对“多元解读”的解读》《谈个性化阅读》《语文教学与创造性思维的培养》《语文教学中培养学生自学能力的认识和做法》《教给学生逆析的方法》《语文课的自我迷失》等文章。
606 0  @a中学语文课@x教学研究@x高中@j文集
690    @aG633.302@v5
701  0 @a李真微@Ali zhen wei@f(1938.4-)@4著
801    @aCN@bAHXH@c20210922
905    @b1361566-70@dG633.302@e1002@f5
    
    语文教育散论/李真微著.-北京:团结出版社,2020.6
    342页;21cm
    
    
    ISBN 978-7-5126-7873-6:CNY46.00
    本书收录《浅论培养学生整体阅读的能力》《过程大于结论》《对“多元解读”的解读》《谈个性化阅读》《语文教学与创造性思维的培养》《语文教学中培养学生自学能力的认识和做法》《教给学生逆析的方法》《语文课的自我迷失》等文章。
●
相关链接 在E读中查询图书 在五车中查询图书 在当当中查询图书 在豆瓣中查询图书


正题名:语文教育散论     索取号:G633.302/1002         预约/预借

序号 登录号 条形码 馆藏地/架位号 状态 备注
1 1361566   213615667   第一样本阅览室/ [索取号:G633.302/1002] 在馆    
2 1361567   213615676   教育系资料室/ [索取号:G633.302/1002] 在馆    
3 1361568   213615685   教育系资料室/ [索取号:G633.302/1002] 在馆    
4 1361569   213615694   第四借阅区/ [索取号:G633.302/1002] 在馆    
5 1361570   213615701   第四借阅区/ [索取号:G633.302/1002] 在馆    
唐山师范学院图书馆 欢迎您!
大连网信软件有限公司© 版权所有